MARC details
| 000 -LEADER |
| fixed length control field |
02120nam a2200301 a 4500 |
| 008 - FIXED-LENGTH DATA ELEMENTS--GENERAL INFORMATION |
| fixed length control field |
081010s2000 ||||||||||||||||| || u |
| 020 ## - INTERNATIONAL STANDARD BOOK NUMBER |
| International Standard Book Number |
8120306724 |
| 050 ## - LIBRARY OF CONGRESS CALL NUMBER |
| Classification number |
HG 4028.B8 Wel |
| 100 ## - MAIN ENTRY--PERSONAL NAME |
| Personal name |
Hilton, Ronald W |
| 245 10 - TITLE STATEMENT |
| Title |
Budgeting: profit planning and control -- 5th ed |
| Statement of responsibility, etc. |
Glenn A. Welsch; Ronald W. Hilton; Paul N. Gordon |
| 250 ## - EDITION STATEMENT |
| Edition statement |
5th ed. |
| 260 ## - PUBLICATION, DISTRIBUTION, ETC. |
| Place of publication, distribution, etc. |
New Delhi |
| Name of publisher, distributor, etc. |
Prentice-Hall of India |
| Date of publication, distribution, etc. |
2000 |
| 300 ## - PHYSICAL DESCRIPTION |
| Extent |
xx, 661p.: ill. |
| 350 ## - |
| -- |
48500.00 |
| 650 #0 - SUBJECT ADDED ENTRY--TOPICAL TERM |
| Topical term or geographic name entry element |
BUSINESS |
| 650 ## - SUBJECT ADDED ENTRY--TOPICAL TERM |
| Topical term or geographic name entry element |
BUDGET IN BUSINESS |
| 700 ## - ADDED ENTRY--PERSONAL NAME |
| Personal name |
Gordon, Paul N |
| 700 ## - ADDED ENTRY--PERSONAL NAME |
| Personal name |
Welsch, Glenn A |
| 995 ## - |
| -- |
ANNEX COLLECTION (Main Library) |
| -- |
0.00 |
| -- |
738655 |
| -- |
CBU-MAIN LIBRARY (Kitwe) |
| -- |
1 |
| -- |
0.00 |
| -- |
HG 4028.B8 Wel |
| -- |
2 |
| -- |
AVAILABLE |
| -- |
Oct 13, 2008 |
| -- |
738655 |
| -- |
Annex Low-Usage Collection |
| 995 ## - |
| -- |
TEXTBOOKS (SB) |
| -- |
48500.00 |
| -- |
1475 |
| -- |
CBU-SCHOOL TEXTBOOK COLLECTIONS |
| -- |
1 |
| -- |
0.00 |
| -- |
SCHOOL TEXTBOOK |
| -- |
8 |
| -- |
AVAILABLE |
| -- |
Oct 7, 2009 |
| -- |
1475 |
| -- |
School Collections |
| 995 ## - |
| -- |
TEXTBOOKS (SB) |
| -- |
48500.00 |
| -- |
1476 |
| -- |
CBU-SCHOOL TEXTBOOK COLLECTIONS |
| -- |
1 |
| -- |
0.00 |
| -- |
SCHOOL TEXTBOOK |
| -- |
9 |
| -- |
AVAILABLE |
| -- |
Oct 7, 2009 |
| -- |
1476 |
| -- |
School Collections |
| 995 ## - |
| -- |
ANNEX COLLECTION (Main Library) |
| -- |
0.00 |
| -- |
738657 |
| -- |
CBU-MAIN LIBRARY (Kitwe) |
| -- |
1 |
| -- |
0.00 |
| -- |
HG 4028.B8 Wel |
| -- |
4 |
| -- |
AVAILABLE |
| -- |
Oct 13, 2008 |
| -- |
738657 |
| -- |
Annex Low-Usage Collection |
| 995 ## - |
| -- |
TEXTBOOKS (SB) |
| -- |
48500.00 |
| -- |
1474 |
| -- |
CBU-SCHOOL TEXTBOOK COLLECTIONS |
| -- |
1 |
| -- |
0.00 |
| -- |
SCHOOL TEXTBOOK |
| -- |
7 |
| -- |
AVAILABLE |
| -- |
Oct 7, 2009 |
| -- |
1474 |
| -- |
School Collections |
| 995 ## - |
| -- |
ANNEX COLLECTION (Main Library) |
| -- |
0.00 |
| -- |
738656 |
| -- |
CBU-MAIN LIBRARY (Kitwe) |
| -- |
1 |
| -- |
0.00 |
| -- |
HG 4028.B8 Wel |
| -- |
3 |
| -- |
AVAILABLE |
| -- |
Oct 13, 2008 |
| -- |
738656 |
| -- |
Annex Low-Usage Collection |
| 995 ## - |
| -- |
ANNEX COLLECTION (Main Library) |
| -- |
0.00 |
| -- |
738658 |
| -- |
CBU-MAIN LIBRARY (Kitwe) |
| -- |
1 |
| -- |
0.00 |
| -- |
HG 4028.B8 Wel |
| -- |
5 |
| -- |
AVAILABLE |
| -- |
Oct 13, 2008 |
| -- |
738658 |
| -- |
Annex Low-Usage Collection |
| 995 ## - |
| -- |
ANNEX COLLECTION (Main Library) |
| -- |
0.00 |
| -- |
738654 |
| -- |
CBU-MAIN LIBRARY (Kitwe) |
| -- |
1 |
| -- |
0.00 |
| -- |
HG 4028.B8 Wel |
| -- |
1 |
| -- |
AVAILABLE |
| -- |
Oct 13, 2008 |
| -- |
738654 |
| -- |
Annex Low-Usage Collection |
| 995 ## - |
| -- |
TEXTBOOKS (SNR) |
| -- |
48500.00 |
| -- |
4030 |
| -- |
CBU-SCHOOL TEXTBOOK COLLECTIONS |
| -- |
1 |
| -- |
0.00 |
| -- |
SCHOOL TEXTBOOK |
| -- |
6 |
| -- |
AVAILABLE |
| -- |
Jul 23, 2009 |
| -- |
4030 |
| -- |
Main Library Open Access Collection |
| 999 ## - |
| -- |
77774 |
| -- |
77774 |